| 000 | 00631nam a2200217Ia 4500 | ||
|---|---|---|---|
| 008 | 160517s9999 xx 000 0 und d | ||
| 050 | _aBF 723 | ||
| 050 | _b.L926 2016 | ||
| 100 | _aLu, Quennie N. | ||
| 245 | _aImpact of social learning on the interpersonal relations of grade six Mangyan students in Oriental Mindoro / | ||
| 245 | _cQuennie N. Lu. | ||
| 260 | _aLas PiƱas, Philippines : | ||
| 260 | _bSISC, | ||
| 260 | _c2016. | ||
| 300 | _a108 pages : | ||
| 300 | _billustrations ; | ||
| 300 | _c28 cm. | ||
| 500 | _aIncludes bibliographical references and appendices. | ||
| 521 | _aPsychology | ||
| 942 | _cTH | ||
| 999 |
_c293991 _d293991 |
||